Регионална библиотека "Любен Каравелов" - Русе

Die Meistersinger von Nurnberg (Ausschnitte) (Запис номер 529816)

MARC детайли
000 -Лидер
Лидер 02354njm a2200349 a 4500
003 - Код на организацията, давaща контролен номер
Код на организацията, даваща контролен номер BLK
005 - Дата и час на последна редакция
Дата и час на последна редакция 20250330004134.0
007 - Фиксирано поле за физическо описани
Физическо описание sd ammalaaahaa
008 - Елементи от данни с фиксирана дължина
Елементи с фиксирана дължина 240822b bul||n|| |||||||| n|bulo|
028 ## - PUBLISHER NUMBER
Издателски номер 826192
040 ## - Източник на каталожния запис
Код на библиотеката BLK
041 ## - Код за език
Език на записа Немски
Език за КДБФ Немски
080 ## - УДК
УДК текст Опера. Музикална драма. Романтична опера. Опера-приказка
УДК код 782.1
УДК – определител (086.72)
УДК – код + определител 782.1(086.72)
100 ## - Редна дума - Автор
Автор Wagner, Richard
R(LIN) 386969
245 ## - Сведения за заглавието
Заглавие Die Meistersinger von Nurnberg (Ausschnitte)
Авторска отговорност Richard Wagner ; Chor der Dresdener Staatsoper Rundfunkchor Leipzig ; Staatskapelle Dresden
260 ## - Област на издателските данни
Място на издаване Berlin
Име на издателя Deutsche Schallplatten
Година на издаване 1974
9 (RLIN) 210744
300 ## - Физическа характеристика
Брой страници 1 грамофонна плоча
Илюстрации 33 об/мин, стерео
Размер 30 см
380 ## - Жанр
Жанр Изкуство
490 ## - СЕРИИ (Колекции)
Серия Eterna
9 (RLIN) 493861
500 ## - Общи забележки
Обща забележка Richard Wagner - Die Meistersinger von Nürnberg<br/>("Selig wie die Sonne" Quintett 3. Aufzug und Festwiese)<br/><br/>(01) Die "selige Morgentraum-Deutweise" sei sie genannt /<br/>Selig, wie die Sonne meines Glückes lacht<br/>Quintett Sachs, Eva, Stolzing, David, Magdalene<br/>(02) Aufzug der Zünfte / Tanz der Lehrbuben / Aufzug Meistersinger / Wach auf, es nahet gen dem Tag / Euch macht ihr`s leicht<br/>Chor, David, Sachs, Pogner, Beckmesser, Kothner<br/>----<br/>(03) Morgen ich leuchte in rosigem Schein / Das Lied fürwahr ist nicht von mir / Verachtet mir die Meister nicht<br/>(Lied des Beckmesser, Preislied des Stolzing, Ansprache Hans<br/>Sachs, Finale)<br/>Beckmesser, Sachs, Chor, Stolzing, Pogner, Eva
511 ## - Забележка за участници или изпълнители
Забележка за участници Chor der Dresdener Staatsoper<br/>Rundfunkchor Leipzig<br/>Einstudierung: Horst Neumann<br/>Staatskapelle Dresden<br/>Dirigent: Herbert von Karajan<br/><br/>Theo Adam, Baßbariton<br/>(Hans Sachs)<br/>Karl Ridderbusch, Baß<br/>(Veit Pogner)<br/>Geraint Evans, Bariton<br/>(Beckmesser)<br/>Zoltan Kelemen, Baß<br/>(Fritz Kothner)<br/>René Kollo, Tenor<br/>(Stolzing)<br/>Peter Schreier, Tenor<br/>(David)<br/>Helen Donath, Sopran<br/>(Eva)<br/>Ruth Hesse, Mezzosopran (Magdalene)
518 ## - Забележка за време/място на протичане на отразеното събитие
Забележка за време и място на протичане на отразеното събитие Aufgenommen November / Dezember 1970
650 #0 - Допълнително описание по предмет – тема
9 (RLIN) 353190
Предметна рубрика Опери, откъси
700 1# - Други автори (авторска отговорност)
9 (RLIN) 14636
Друг автор Karajan, Herbert von
710 ## - Име на организация или юридическо лице като допълнителен термин за търсене
Друг колективен автор Chor der Staatsoper Dresden
9 (RLIN) 495138
710 ## - Име на организация или юридическо лице като допълнителен термин за търсене
9 (RLIN) 494091
Друг колективен автор Rundfunkchor Leipzig
710 ## - Име на организация или юридическо лице като допълнителен термин за търсене
9 (RLIN) 494213
Друг колективен автор Staatskapelle Dresden
852 ## - Местоположение
Сигнатура (форматна) Ф ІІ 4370
Отдел Хранилище
856 ## - Електронен адрес и достъп
Инструкция (цена за достъп) 0.00
Права за достъп disable
942 ## - АРТИКУЛИ
Вид на библиотечния документ Грамофонни плочи
Скрит в OPAC Не
944 ## - СЪЗДАВАНЕ И РЕДАКЦИЯ на ЗАПИСА
Дата на регистрацията/редакция Кети Илиева
Служител, извършил регистрацията/редакцията
Създаване/Редакция
Статус, дата на статуса CRON CRON
999 ## - СИСТЕМНИ КОНТРОЛНИ НОМЕРА
Koha biblionumber 529816
Koha biblioitemnumber 529816
Наличности
Код за отписване Код за изгубен артикул Източник на класификационната схема Код за повреда Коз за рестрикции Код за отдаване Артикулен № Име на библиотеката - собственик Име на библиотеката, в която се намира в момента Статус (Текущо местоположение) Дата на вписване в системата Местоположение - отдел Цена в лева Инвентарен номер Систематично азбучна сигнатура Баркод Цена в евро Служебен тип на артикула
  Не е изгубен Universal Decimal Classification Не е повреден само за читалня ползва се в читалня 964721 Регионална библиотека "Любен Каравелов" Русе Регионална библиотека "Любен Каравелов" Русе Хранилище 2025-03-24 Основен фонд - ползва се само за читалня 6.00 10706 Ф ІІ 4370 900000116549 3.07 Грамофонни плочи
Vip Innovations Ltd, Rousse, Bulgaria 2025